000 00311nam a22001457a 4500
082 _a658.406 ARG
100 _aArgyris charis
245 _aOn Organization of the future
250 _a2rd
260 _bSage
_c1973
300 _a48.p
500 _a
650 _aOn Organization of the future
942 _cBK
999 _c16550
_d16550